书目信息 |
| 题名: |
戴云山国家级自然保护区植物群落生态学研究
|
|
| 作者: | 刘金福 , 郑世群 , 徐道炜 著 | |
| 分册: | ||
| 出版信息: | 北京 中国林业出版社 2020.11 |
|
| 页数: | 10, 593页, 28页图版 | |
| 开本: | 27cm | |
| 丛书名: | ||
| 单 册: | ||
| 中图分类: | Q948.1 | |
| 科图分类: | ||
| 主题词: | 植物生态学--zhi wu sheng tai xue--研究 | |
| 电子资源: | ||
| ISBN: | 978-7-5219-0569-4 | |
| 000 | 01049nam0 2200265 450 | |
| 001 | CAL 0120217126183 | |
| 005 | 20210423141403.7 | |
| 010 | @a978-7-5219-0569-4@dCNY298.00 | |
| 100 | @a20210421d2020 em y0chiy0120 ea | |
| 101 | 0 | @achi |
| 102 | @aCN@b110000 | |
| 105 | @aafk a 000yy | |
| 106 | @ar | |
| 200 | 1 | @a戴云山国家级自然保护区植物群落生态学研究@Adai yun shan guo jia ji zi ran bao hu qu zhi wu qun luo sheng tai xue yan jiu@f刘金福, 郑世群, 徐道炜著 |
| 210 | @a北京@c中国林业出版社@d2020.11 | |
| 215 | @a10, 593页, 28页图版@c图@d27cm | |
| 320 | @a有书目 (第566-581页) | |
| 330 | @a本书用清晰的时间顺序讲述了人和动物关系的变迁过程, 从而将抽象的病毒入侵人类世界的原理和典型案例进行了通俗的解释。该书主要内容包括: 戴云山国家级自然保护区概况 ; 调查与试验方法等。 | |
| 606 | 0 | @a植物生态学@Azhi wu sheng tai xue@x研究 |
| 690 | @aQ948.1@v5 | |
| 701 | 0 | @a刘金福@Aliu jin fu@4著 |
| 701 | 0 | @a郑世群@Azheng shi qun@4著 |
| 701 | 0 | @a徐道炜@Axu dao wei@4著 |
| 801 | 0 | @aCN@b人天书店@c20210421 |
| 905 | @aTSG@b0001178@dQ948.1@eL631@f1 | |
| 戴云山国家级自然保护区植物群落生态学研究/刘金福, 郑世群, 徐道炜著.-北京:中国林业出版社,2020.11 |
| 10, 593页, 28页图版:图;27cm |
| ISBN 978-7-5219-0569-4:CNY298.00 |
| 本书用清晰的时间顺序讲述了人和动物关系的变迁过程, 从而将抽象的病毒入侵人类世界的原理和典型案例进行了通俗的解释。该书主要内容包括: 戴云山国家级自然保护区概况 ; 调查与试验方法等。 |
| ● |
| 相关链接 |
|
|
|
正题名:戴云山国家级自然保护区植物群落生态学研究
索取号:Q948.1/L631
 
预约/预借
| 序号 | 登录号 | 条形码 | 馆藏地/架位号 | 状态 | 备注 |
| 1 | 1533277 | 215332771 | 自科库401/401自科库 35排2列2层/ [索取号:Q948.1/L631] | 在馆 |